Skutečnost imaginace : mezi psychoanalýzou a surrealismem /

Hlavní autor: Telerovský, Roman, 1972-
Jazyk: Čeština
Vydáno: Praha : Analogon, 2015
Vydání: Vydání první
Témata:
Fyzický popis: 156 stran ; 23 cm
Knihy
Uloženo v:
LEADER 01758nam a2200529 i 4500
001 nkc20152699772
003 CZ PrNK
005 20150715154249.0
007 ta
008 150520s2015 xr f 000 e cze
015 |a cnb002699772 
020 |a 978-80-905968-2-5  |q (brožováno) 
035 |a (OCoLC)913564577 
040 |a ABA001  |b cze  |e rda 
072 7 |a 82.0  |x Literatura (teorie)  |2 Konspekt  |9 11 
080 |a 159.964.2:82  |2 MRF 
080 |a 159.954.3  |2 MRF 
080 |a 82.02"1920/1945"  |2 MRF 
080 |a 82-1  |2 MRF 
080 |a 82.0  |2 MRF 
080 |a (0:82-4)  |2 MRF 
100 1 |a Telerovský, Roman,  |d 1972-  |7 mzk2002160940  |4 aut 
245 1 0 |a Skutečnost imaginace :  |b mezi psychoanalýzou a surrealismem /  |c Roman Telerovský 
250 |a Vydání první 
264 1 |a Praha :  |b Analogon,  |c 2015 
300 |a 156 stran ;  |c 23 cm 
336 |a text  |b txt  |2 rdacontent 
337 |a bez média  |b n  |2 rdamedia 
338 |a svazek  |b nc  |2 rdacarrier 
504 |a Obsahuje bibliografii a bibliografické odkazy 
650 0 7 |a psychoanalýza a literatura  |7 ph263237  |2 czenas 
650 0 7 |a imaginace  |7 ph121035  |2 czenas 
650 0 7 |a surrealismus (literatura)  |7 ph126285  |2 czenas 
650 0 7 |a poezie  |7 ph117253  |2 czenas 
650 0 7 |a poetika  |7 ph117252  |2 czenas 
650 0 9 |a psychoanalysis and literature  |2 eczenas 
650 0 9 |a imagery (psychology)  |2 eczenas 
650 0 9 |a surrealism (literature)  |2 eczenas 
650 0 9 |a poetry  |2 eczenas 
650 0 9 |a poetics  |2 eczenas 
655 7 |a eseje  |7 fd132213  |2 czenas 
655 9 |a essays  |2 eczenas 
910 2 |a BOA001  |b 2-1347.937 
990 |a BK 
995 |a 01 
991 |b 201507  |c NOV  |e n 
996 6 |b 2610637012  |c 2-1347.937  |l MZK  |r Sklad / do 1 hodiny  |n 3  |p p.v.  |w 001510800  |u 000010  |a 1  |e BOA001  |j MZK50  |s P